00596nam a22001697a 450000500170000001000130001702000260003003500120005603700130006808200070008110000280008824501020011624600700021826000530028827000590034130000260040020230821110013.0 aUR-12138 a9788195952649c200.00 aU-10693 bDBAD/PUB aن aشاذ یہ فر حین aخد یجہ مستور :bاپنے ناولوں کے آینے میں /cشاذ یہ فر حین aKhadija Mastoor : Apne Novelon ke Aaine Mein /bby Shazia Farheen aNew DelhibEducational Publishing Housec2022 ء aH.O. D1/16, Ansari Road, Darya GanjbNew Delhie110002 a116 صc22cm(Hb)